Central Library OPAC University of Rajshahi
Normal view MARC view

Entry Topical Term

Number of records used in: 2

001 - CONTROL NUMBER

  • control field: 8935

003 - CONTROL NUMBER IDENTIFIER

  • control field: BD-RjUL

005 - DATE AND TIME OF LATEST TRANSACTION

  • control field: 20230911152139.0

008 - FIXED-LENGTH DATA ELEMENTS

  • fixed length control field: 230911|| aca||aabn | a|a d

040 ## - CATALOGING SOURCE

  • Original cataloging agency: BD-RjUL
  • Transcribing agency: BD-RjUL

150 ## - HEADING--TOPICAL TERM

  • Topical term or geographic name entry element: Middle East,
  • Form subdivision: 1907 to 2003

670 ## - SOURCE DATA FOUND

  • Source citation: Work cat.: (BD-RjUL)81898: সুরাইয়া, তাসলিমা 8926, মধ্যপ্রাচ্যের তেল এবং ভূ-রাজনীতি, ১৯০৭ থেকে ২০০৩ পর্যন্ত /, ২০২০